TROPICAL RESORTS (Record no. 1160126)

MARC details
000 -LEADER
fixed length control field 00311nam a2200133Ia 4500
008 - FIXED-LENGTH DATA ELEMENTS--GENERAL INFORMATION
fixed length control field 240521s2001 xx 000 0 und d
020 ## - INTERNATIONAL STANDARD BOOK NUMBER
International Standard Book Number 981-00-6326-1
041 ## - LANGUAGE CODE
Language code of text/sound track or separate title eng
082 ## - DEWEY DECIMAL CLASSIFICATION NUMBER
Classification number 720.92
100 ## - MAIN ENTRY--PERSONAL NAME
Personal name BENG T H
245 ## - TITLE STATEMENT
Title TROPICAL RESORTS
260 ## - PUBLICATION, DISTRIBUTION, ETC.
Name of publisher, distributor, etc. PAGE ONE PUBLISHING P.LTD
Date of publication, distribution, etc. 2001
300 ## - PHYSICAL DESCRIPTION
Extent 227

No items available.